| 000 | 00777nam a2200253 i 4500 | ||
|---|---|---|---|
| 001 | bgj | ||
| 100 | 1 | _aCASHMORE, Ellis | |
| 245 | 1 | 0 |
_aDictionary of race and ethnic relations : _bfourth edition / _cEllis Cashmore with Michael Banton [et. al.] and specialist contribution from Heribert Adam [et. al.]. |
| 250 | _a4th ed. | ||
| 260 |
_aLondon : _bRoutledge, _c1996 _aNew York. |
||
| 300 |
_aXX, 412 pp ; _c22 cm. |
||
| 505 | _aIncludes index. | ||
| 650 | 9 | _aRace relations | |
| 650 | 9 | _aEthnic relations | |
| 655 | _aDictionaries | ||
| 700 | 1 |
_aBanton, Michael. _eco-auth. |
|
| 700 | 1 |
_aAdam, Heribert. _eco-auth. |
|
| 020 | _a0415138221 | ||
| 040 | _cBPK | ||
| 041 | 0 | _aeng | |
| 920 | _a0-415-13822-1 | ||
| 942 | _cKS | ||
| 008 | s uk f |000 0 eng | ||
| 999 |
_c49258 _d49258 |
||
| 856 |
_uhttp://koha.tu.koszalin.pl/cgi-bin/koha/opac-detail.pl?biblionumber=49258 _yKatalog online BPK |
||